书目信息 |
| 题名: |
中华民国专题史
|
|
| 作者: | 张宪文 , 张玉法 主编 ;张俊义 , 刘智鹏 著 | |
| 分册: | 第十七卷 香港与内地关系研究 | |
| 出版信息: | 南京 南京大学出版社 2015 |
|
| 页数: | 278页 | |
| 开本: | 24cm | |
| 丛书名: | ||
| 单 册: | ||
| 中图分类: | K258.07 , K296.58 | |
| 科图分类: | ||
| 主题词: | 民国--min guo--历史--研究 | |
| 电子资源: | ||
| ISBN: | 978-7-305-14831-6 | |
| 000 | 01103nam0 22002891 450 | |
| 001 | 1731221041 | |
| 005 | 20170605111522.06 | |
| 010 | @a978-7-305-14831-6@b精装@dCNY80.00 | |
| 100 | @a20150608d2015 em y0chiy50 ea | |
| 101 | 0 | @achi |
| 102 | @aCN@b320000 | |
| 105 | @ay z 001yy | |
| 106 | @ar | |
| 200 | 1 | @a中华民国专题史@Azhong hua min guo zhuan ti shi@h第十七卷@i香港与内地关系研究@f张宪文,张玉法主编@g张俊义,刘智鹏著 |
| 210 | @a南京@c南京大学出版社@d2015 | |
| 215 | @a278页@d24cm | |
| 330 | @a本书将考察1912年中华民国成立至1949年中华人民共和国成立前的香港历史,关注的重点放在中华民国史大背景下香港与内地的多重联系和相互影响,对香港地方自身的历史发展研究从略。 | |
| 606 | 0 | @a民国@Amin guo@x历史@x研究 |
| 607 | @a香港@Axiang gang@x地方史@x研究@z近代 | |
| 690 | @aK258.07@v5 | |
| 690 | @aK296.58@v5 | |
| 701 | 0 | @a张宪文@Azhang xian wen@f(1934~)@4主编 |
| 701 | 0 | @a张玉法@Azhang yu fa@f(1935.2~)@4主编 |
| 702 | 0 | @a张俊义@Azhang juan yi@c(史学)@4著 |
| 702 | 0 | @a刘智鹏@Aliu zhi peng@f(1960~)@4著 |
| 801 | 0 | @aCN@bTANG WEI@c20170527 |
| 905 | @b0970118-22@dK258.07@e74:17@f5 | |
| 中华民国专题史.第十七卷.香港与内地关系研究/张宪文,张玉法主编/张俊义,刘智鹏著.-南京:南京大学出版社,2015 |
| 278页;24cm |
| ISBN 978-7-305-14831-6(精装):CNY80.00 |
| 本书将考察1912年中华民国成立至1949年中华人民共和国成立前的香港历史,关注的重点放在中华民国史大背景下香港与内地的多重联系和相互影响,对香港地方自身的历史发展研究从略。 |
| ● |
| 相关链接 |
|
|
|
|
正题名:中华民国专题史
索取号:K258.07/74:17
 
预约/预借
| 序号 | 登录号 | 条形码 | 馆藏地/架位号 | 状态 | 备注 |
| 1 | 0970118 | 209701189 | 第二样本阅览室/ [索取号:K258.07/74:17] | 在馆 | |
| 2 | 0970119 | 209701198 | 第二借阅区/ [索取号:K258.07/74:17] | 在馆 | |
| 3 | 0970120 | 209701205 | 第二借阅区/ [索取号:K258.07/74:17] | 在馆 | |
| 4 | 0970121 | 209701214 | 第二借阅区/ [索取号:K258.07/74:17] | 在馆 | |
| 5 | 0970122 | 209701223 | 史法系资料室/ [索取号:K258.07/74:17] | 在馆 |